|
|
|
|
| LEADER |
00000naa a2200000 ar4500 |
| 001 |
vtls009963263 |
| 003 |
SK-MaSNL |
| 005 |
20260309150342.0 |
| 008 |
091023c2002 xo mr|p|||||||000 b|slo |
| 015 |
|
|
|a SNBRA2009/10
|2 snkbucl
|
| 038 |
|
|
|a SNKBUCL
|
| 040 |
|
|
|a SNKBUCL
|b slo
|c SNKBUCL
|e AACR2
|
| 041 |
0 |
|
|a eng
|b eng
|
| 044 |
|
|
|a xo
|c SK
|
| 080 |
|
|
|a 336.748:338.242:330.101.541
|2 2001
|
| 080 |
|
|
|a 338.242
|2 2001
|
| 080 |
|
|
|a 330.101.541
|2 2001
|
| 100 |
1 |
|
|a Zimka, Rudolf,
|d 1943-
|4 aut
|9 205520
|
| 245 |
1 |
0 |
|a Analysis of an open economy model under fixed exchange rate regime
|c Rudolf Zimka, Emília Zimková
|
| 504 |
|
|
|a Bibliogr. odkazy
|
| 546 |
|
|
|a Res. angl.
|
| 650 |
0 |
7 |
|a otvorená ekonomika
|2 snkbucl
|9 628873
|
| 650 |
0 |
7 |
|a makroekonomika
|2 snkbucl
|9 13924
|
| 650 |
0 |
7 |
|a mena
|2 snkbucl
|
| 650 |
0 |
7 |
|a fixný menový kurz
|2 snkbucl
|9 1492698
|
| 700 |
1 |
|
|a Zimková, Emília,
|d 1964-
|4 aut
|9 236176
|
| 773 |
0 |
|
|t Acta oeconomica N° 14
|d Banská Bystrica : Univerzita Mateja Bela, Ekonomická fakulta, 2002
|g S. 73-77
|z 8080555990
|
| 852 |
|
|
|a SNK
|b KIS3GCP
|
| 958 |
|
|
|a NB
|
| 999 |
|
|
|c 3367343
|d 3369273
|